000 00767nam a22002777a 4500
001 BR6010645
003 BR-BrBNA
005 20230928083335.0
007 ta
008 230509b bl.||||| |||| 00| 0 por d
040 _aBR-BrBNA
_bpor
_cBiblioteca Nacional de Agricultura
041 _a(Por)
072 _aP10
090 _ P10 BR6010645
100 1 _aBley Junior, C.J.
110 1 _aSuperintendencia dos Recursos Hidricos e Meio Ambiente, Curitiba, PR (Brasil)
_910223
245 1 _aBacias hidrograficas; uma visao geral
260 3 _aCuritiba, PR (Brasil):
_c[nd].
300 _a12 p.
650 _aBACIA HIDROGRAFICA
650 _aLEGISLACAO
650 _aANALISE QUIMICA
650 _aAGUA
909 _a202309
_bLucia
_c55
_dLucia Elande
942 _cBK
999 _c12902
_d12902